| 000 | 00478 a2200181 4500 | ||
|---|---|---|---|
| 999 |
_c8930 _d8930 |
||
| 020 | _a9780414060685 | ||
| 050 | _aKF1246 GIL 2017 | ||
| 100 |
_aGiliker, Paula _eauthor |
||
| 245 |
_aTort / _cPaula Giliker |
||
| 250 | _a6th ed. | ||
| 264 |
_aLondon : _bSweet & Maxwell, _c2017. |
||
| 300 | _a700p. : | ||
| 440 | _aSweet & Maxwell Textbook series | ||
| 500 | _aIncludes index | ||
| 650 | _aTorts | ||
| 700 |
_aGiliker, Paula _eauthor |
||
| 942 |
_2lcc _cBK _e6th ed. _h1246 _iGIL _kKF |
||